Fast typing: "Kalsarikänni" - Statistics

General Stats
  • This quiz has been taken 13 times
  • The average score is 5 of 8
Answer Stats
Hint Answer % Correct
Let’s feel the give in our bones again,soft and green as flower stems. Let’s feel the give in our bones again,soft and green as flower stems.
100%
Let’s put on our childhood clothes and walk the secret streets. Let’s put on our childhood clothes and walk the secret streets.
100%
Let’s remember that in Finland they have a word that means drinking at home, alone, in your underwear. Let’s remember that in Finland
they have a word that means
drinking at home, alone,
in your underwear.
100%
You might not be my brother. But you’re as close as we both might get. You might not be my brother.
But you’re as close as we both
might get.
75%
Let’s remember old songs again. Let’s remember old songs again.
50%
Let’s use the sides of our hands to scrape forts out of the road-sand snowplows left in the gutters, then watch as they melt in rain. Let’s use the sides
of our hands to scrape forts
out of the road-sand snowplows
left in the gutters, then watch
as they melt in rain.
50%
You can tell me how chessboards lie about the rules of war, how Mother’s sigh was a descending note that sharpened into nothingness. You can tell me
how chessboards lie about
the rules of war, how Mother’s
sigh was a descending note
that sharpened into nothingness.
25%
Then we’ll each go our separate ways, slip into our humming houses, and drink one last pull of starlight straight from the bottle. Then we’ll each go our separate ways, slip into our humming houses, and drink one last pull of starlight straight from the bottle.
0%
No matching quizzes found
Score Distribution
Percent of People with Each Score
Percentile by Number Answered
Your Score History
You have not taken this quiz